City Chain - Statistics

General Stats
  • This quiz has been taken 37 times
  • The average score is 14 of 20
Answer Stats
Hint Answer % Correct
Italian city of canals Venice
91%
Capital of Ukraine Kyiv
88%
Home of the CN Tower Toronto
88%
Capital city of Kentucky Frankfort
82%
Syrian capital Damascus
79%
Belgian diamond city Antwerp
76%
Five letter city in the American Midwest Omaha
76%
Australian city named after a Scottish city Perth
76%
Croatian capital Zagreb
76%
City in France known for its wine Bordeaux
68%
World capital with the highest altitude La Paz
68%
Austrian city hosting the 1976 Winter Olympics Innsbruck
65%
Home of the Terracotta Warriors Xi’an
65%
Urban area with the most people Guangzhou
62%
Indian city sharing a name with a Pakistani one Hyderabad
62%
Seat of the EU parliament Strasbourg
62%
Canadian city across a river from Detroit Windsor
50%
Burmese capital Naypyidaw
44%
Kurdish city in Iraq Erbil
41%
Xinjiang capital Urumqi
35%
No matching quizzes found
Score Distribution
Percent of People with Each Score
Percentile by Number Answered
Your Score History
You have not taken this quiz